000 00223nam a2200097Ia 4500
008 240331s9999 xx 000 0 und d
082 _a200.042
_bBAL
100 _aBalasuriya, T
245 0 _aMary and human liberation
942 _cL
999 _c797
_d797